000 00678nam a2200289Ia 4500
005 20260324133922.0
008 008 260324s9999 xx 000 0 eng d
020 _a9781315786216
037 _aEBOOK
040 _aCRL
040 _beng
040 _cCRL
041 _2eng
041 _aeng
084 _qCRL
100 _aJoseph T Mccann
_91194880
245 0 _aThreats in Schools
245 2 _bA Practical Guide for Managing Violence
260 _bTaylor and Francis
260 _c2002
365 _a
365 _b170
856 _uhttp://www.taylorfrancis.com/books/9781315786216
942 _cEBOOK
999 _c1794436
_d1794436